| 000 | 00668cam a2200241 4500500 | ||
|---|---|---|---|
| 005 | 20260405003315.0 | ||
| 041 | _afre | ||
| 042 | _adc | ||
| 100 | 1 | 0 |
_aPortevin, Catherine _eauthor |
| 245 | 0 | 0 | _aJournal phénoménologique |
| 260 | _c2021. | ||
| 500 | _a49 | ||
| 690 | _aExistentialisme | ||
| 690 | _aItalie | ||
| 690 | _aMusique | ||
| 690 | _aPerception | ||
| 690 | _aPhénoménologie | ||
| 690 | _aSilence | ||
| 690 | _aVenise | ||
| 690 | _aVoyage | ||
| 786 | 0 | _nPhilosophie magazine | 150 | 6 | 2021-06-01 | p. 82-82 | 1951-1787 | |
| 856 | 4 | 1 | _uhttps://shs.cairn.info/magazine-philosophie-magazine-2021-6-page-82?lang=fr&redirect-ssocas=7080 |
| 999 |
_c2066339 _d2066339 |
||